Open Data Biblioteca Nacional de Portugal


República Portuguesa: Ministério da Cultura
Biblioteca Nacional de Portugal

Catálogo da BNP: acesso por Identificadores Unívocos
Registos Bibliográficos associados ao registo de autoridade

Etiqueta de registo: 00230cas 2200025 450
001 1690813
003 http://id.bnportugal.gov.pt/bib/catbnp/1690813
100 ## $a20080803a20079999m y0pory0103 ba
101 0# $apor
102 ## $aPT
106 ## $ar
110 ## $aahazz 0xx0
200 1# $a O solidário$fSanta Casa da Misericórdia do Soito$gdir. e coord. Carlos Alberto da Conceição
207 #0 $aA. 1, nº 0 (Jan./Mar. 2007)
210 #9 $aSoito$cS.C.M.,$d[2007]-
215 ## $d30 cm
326 ## $aTrimestral
620 ## $dSoito
675 ## $a364-3(469.311)(05)$vBN$zpor$31341465
675 ## $a272-784(469.311)(05)$vBN$zpor$31341466
675 ## $a908(469.311)(05)$vBN$zpor$3792385
702 #1 $aSoito,$bTio Carlos do,$cpseud.$4300$31010001
712 02 $aSanta Casa da Misericórdia$c(Soito)$4650$3203309
801 #0 $aPT$bBN$gRPC
966 ## $lBN$mFGREV$sP.P. 28822 V.$x1

Etiqueta de registo: 00529cam 02200193 04500
001 112376
003 http://id.bnportugal.gov.pt/bib/catbnp/112376
005 19981120160600.0
095 ## $aPTBN00117380
100 ## $a19840601d1982 km y0pora0103 ba
101 0# $apor
102 ## $aPT
200 1# $aCompromisso$fda Irmandade da santa Casa da Misericórdia do Soito
210 #9 $aSoito$cS. C. M.,$d1982
215 ## $a[2], 19 p.$d20 cm
675 ## $a364-3(469.311)$vBN$zpor$31508329
675 ## $a272-784(469.311)$vBN$zpor$31508330
710 02 $aSanta Casa da Misericórdia$c(Soito)$3203309
801 #0 $aPT$bBN$gRPC
966 ## $lBN$mFGMON$sS.C. 55561 V.$x1
997 ## $aBIBEOD
998 ## $aFSE70 - 00400

OpendataBNP@bnportugal.pt | Mais informação sobre acesso aos dados BNP